El pensamiento trágico de los griegos, escritos póstumos, 1870-1871

I tiakina i:
Ngā taipitopito rārangi puna kōrero
Hōputu: Pukapuka
Reo:Pāniora
I whakaputaina: Madrid Biblioteca Nueva 2004
Ngā marau:
Ngā Tūtohu: Tāpirihia he Tūtohu
Kāore He Tūtohu, Me noho koe te mea tuatahi ki te tūtohu i tēnei pūkete!

MARC

LEADER 00000nam a2200000 a 4500
001 UCK5359
003 CL-VaPUC
008 050722e20040000SP |||||||||||||||||spa|d
020 |a 8497421426 
082 0 4 |a 193  |b NIE  |2 21 
245 1 3 |a El pensamiento trágico de los griegos, escritos póstumos, 1870-1871 
300 |a 190 p 
942 |c BK 
945 |d 20050722 00:00:00  |a cmena 
260 |a Madrid  |b Biblioteca Nueva  |c 2004 
500 |a Introducción, traducción y notas de Vicente Serrano 
650 0 |a Tragedia griega  |9 265362 
650 0 |a Filología clásica   |9 269285 
650 0 |a Filosofía socrática   |9 267087 
583 |a last modification  |c 20050722 00:00:00  |k Rodrigo Vera 
999 |c 313932  |d 313930 
952 |0 0  |1 0  |4 0  |6 193_000000000000000_NIE_2004  |7 0  |8 A  |9 385735  |a BIBEDU  |b BIBEDU  |d 2019-11-22  |i 4060075  |o 193 NIE 2004  |p 4060075  |r 2019-11-22  |w 2019-11-22  |y BK  |k FIL